000 00576nam a22001577a 4500
003 OSt
005 20150930103111.0
008 150930b xxu||||| |||| 00| 0 eng d
040 _cRUA
082 _aAGR YOU 2011 B047 Or.1
100 _91594
_aYOU, OEM.
245 _aEffect of planting methods on yield of cassava variety km 94 (ប្រសិទ្ធភាពបច្ចេកទេសដាំដុះលើទន្និផលនៃពូជដំឡូងមី​KM៩៤)
260 _aPhnom Penh
_bRUA
_c2011
300 _axii, 69p.
_bill.
_c29cm.
942 _2ddc
_cAGR
999 _c1505
_d1505